000 00341nam a2200145Ia 4500
008 230718s9999 xx 000 0 und d
041 _aEng.
082 _a397.4
_bMAR-T
100 _aMartin,Jacquelime
245 4 _aThe english legal systam
260 _aPakistan
_bDynamic Learning
_c2014
300 _a301
650 _aLaw
999 _c30598
_d30598